|
|
|
|
| LEADER |
00000nam a22000007a 4500 |
| 005 |
20160419155617.0 |
| 007 |
cr|||| ||u| |
| 008 |
160419s2016 mx ||||| |||| 00||0 spa d |
| 020 |
|
|
|a 978-607-8384-88-4
|
| 035 |
|
|
|a 14150
|
| 040 |
|
|
|a vLex
|
| 090 |
|
|
|c 6023
|d 6023
|
| 245 |
1 |
0 |
|a Normas de Informacin̤ Financiera (NIF) 2016
|h [Recurso electrn̤ico] /
|c Instituto Mexicano de Contadores Pb︢licos, 2016
|
| 256 |
|
|
|a Servicio en ln̕ea
|
| 260 |
|
|
|a Mx̌ico
|b Instituto Mexicano de Contadores Pb︢licos
|c 2016
|
| 300 |
|
|
|a 1 recurso electrn̤ico
|
| 500 |
|
|
|a Incluye boletines y circulares de la Comisin̤ de Principios de Contabilidad del IMCP. El texto completo de Normas de Informacin̤ Financiera considera la normativa que se encuentra en vigor al 1ð de enero de 2016, as ̕como las NIF C-2, C-3, C-9, C-16, C-19, C-20, D-1 y D-2 que entran en vigor el 1ð de enero de 2018
|
| 506 |
1 |
|
|a Contenido solo disponible en los productos indicados
|d vLex Global
|d vLex Global (Academic Edition, excluding Law Schools)
|d vLex Global (U.S. Academic Edition, Law Schools)
|d vLex Global (U.S. Academic Edition, excluding Law Schools)
|d vLex Global (Academic Edition, Law Schools)
|
| 650 |
0 |
4 |
|a Derecho financiero
|z Mx̌ico
|
| 740 |
0 |
|
|a vLex libros (servicio en ln̕ea)
|
| 856 |
4 |
0 |
|u http://vlex.com/source/normas-informacion-financiera-nif-2016-14150
|z Acceso restringido
|
| 942 |
|
|
|c BOOK
|
| 999 |
0 |
|
|a Finance--Law and legislation
|b Mx̌ico
|